000 00498nam a2200169Ia 4500
999 _c27273
_d27273
003 OSt
005 20201204132352.0
008 190216s9999||||xx |||||||||||||| ||und||
040 _coclc
082 _a894.8123
_bTWA/H
100 _aTwain, Mark
_95454
245 0 _aHuckelbery Finn Enna Sahasikan /
_cMark Twain
260 _bPoorna Publications,
_c1967.
_aKozhikode:
300 _a246p
650 _aMalayalam Novel
942 _cBK
_2ddc
_h894.8123
_iTWA/H
_k894.8123
_m894.8123